00000000cam 2200000zi 4500
0019.955440
003CaOODSP
00520260604154146
006m     o  d f      
007cr |||||||||||
008250917e20250721onc     ob   f000 0 eng d
020 |a9780660790145
040 |aCaOODSP|beng|erda|cCaOODSP
043 |an-cn---
0861 |aBT66-100/2025E-PDF
24500|aGuide to assessing cost estimates.
264 1|aOttawa, Ontario, Canada : |bTreasury Board of Canada Secretariat = Secrétariat du Conseil du trésor du Canada, |cJuly 21 2025.
264 4|c©2025
300 |a1 online resource (16 pages)
336 |atext|btxt|2rdacontent
337 |acomputer|bc|2rdamedia
338 |aonline resource|bcr|2rdacarrier
500 |aTitle from cover.
500 |aIssued also in French under title: Guide d'évaluation des estimations de coûts.
504 |aIncludes bibliographical references.
650 0|aPricing|xGovernment policy|zCanada.
7101 |aCanada. |bTreasury Board, |eissuing body.
77508|tGuide d'évaluation des estimations de coûts.|w(CaOODSP)9.955441
85640|qPDF|s924 KB|uhttps://publications.gc.ca/collections/collection_2026/sct-tbs/BT66-100-2025-eng.pdf
8564 |qHTML|sN/A|uhttps://www.tbs-sct.canada.ca/pol/doc-eng.aspx?id=32818